[Event "57th World Juniors 2018"]
[Site "Manavgat TUR"]
[Date "2018.09.11"]
[Round "7.4"]
[White "Van Foreest, Jorden"]
[Black "Lobanov, Sergei"]
[Result "1/2-1/2"]
[WhiteTitle "GM"]
[BlackTitle "IM"]
[WhiteElo "2624"]
[BlackElo "2535"]
[WhiteFideId "1039784"]
[BlackFideId "24183750"]
[EventDate "2018.09.05"]

1. e4 c6 2. d4 d5 3. e5 Bf5 4. Nf3 e6 5. Be2 Nd7 6. O-O h6 7. Nbd2 Ne7 8. c3 g5
9. Re1 Bg6 10. Nf1 c5 11. dxc5 Bg7 12. Bb5 Nc6 13. Be3 Ndxe5 14. Nxe5 Bxe5 15.
Bd4 Bxd4 16. cxd4 O-O 17. Ne3 h5 18. Qd2 Qa5 19. Qxa5 Nxa5 20. h4 gxh4 21. Kh2
Nc6 22. Rad1 f6 23. Kh3 Kf7 24. Kxh4 Rh8 25. Rd2 Rad8 26. b4 Ne7 27. f3 Rdg8 28.
Kh3 Nf5 29. Nxf5 Bxf5+ 30. Kh4 Rg7 31. Re3 Rhg8 32. Ree2 Ke7 33. Ba4 Rg5 34. b5
b6 35. Bc2 Rc8 36. c6 1/2-1/2

[Event "57th World Juniors 2018"]
[Site "Manavgat TUR"]
[Date "2018.09.11"]
[Round "7.5"]
[White "Hakobyan, Aram"]
[Black "Donchenko, Alexander"]
[Result "1-0"]
[WhiteTitle "GM"]
[BlackTitle "GM"]
[WhiteElo "2554"]
[BlackElo "2614"]
[WhiteFideId "13306677"]
[BlackFideId "24603295"]
[EventDate "2018.09.05"]

1. e4 c5 2. Nf3 d6 3. Bb5+ Nd7 4. Ba4 Nf6 5. O-O g6 6. Re1 Bg7 7. c3 O-O 8. d4
cxd4 9. cxd4 d5 10. e5 Ne4 11. Nbd2 Nb6 12. Bc2 Nxd2 13. Nxd2 f6 14. exf6 exf6
15. a4 Bd7 16. a5 Nc4 17. Nxc4 dxc4 18. Be4 Qc7 19. a6 Bc6 20. Bxc6 Qxc6 21. d5
Qb5 22. axb7 Qxb7 23. d6 Rad8 24. Bf4 g5 25. Bg3 Rf7 26. Qa4 Bf8 27. Rad1 Qb6
28. Re8 Rxe8 29. Qxe8 Qb3 30. Qe2 Qa4 31. Qg4 Rd7 32. h4 h6 33. Rd4 Kf7 34. Rxc4
Qb5 35. Rc7 f5 36. Qh5+ Ke6 37. Qg6+ 1-0

[Event "57th World Juniors 2018"]
[Site "Manavgat TUR"]
[Date "2018.09.11"]
[Round "7.6"]
[White "Karthikeyan, Murali"]
[Black "Puranik, Abhimanyu"]
[Result "1/2-1/2"]
[WhiteTitle "GM"]
[BlackTitle "GM"]
[WhiteElo "2605"]
[BlackElo "2524"]
[WhiteFideId "5074452"]
[BlackFideId "5061245"]
[EventDate "2018.09.05"]

1. e4 e5 2. Nf3 Nc6 3. Bb5 a6 4. Ba4 Nf6 5. d3 d6 6. c3 g6 7. O-O Bg7 8. Re1 O-O
9. Nbd2 Bd7 10. Nf1 Qe8 11. Bb3 Nh5 12. h3 Na5 13. Bc2 f5 14. d4 Nc6 15. dxe5
dxe5 16. Ne3 f4 17. Nd5 Rc8 18. b4 g5 19. a4 g4 20. hxg4 Bxg4 21. b5 axb5 22.
axb5 Nd8 23. Ba3 Rf7 24. Qd3 Rd7 25. Bd1 Nf6 26. Qc4 Be6 27. Nxe5 Nxd5 28. exd5
Rxd5 29. Qxf4 Ra8 30. Ng4 Qg6 31. Bb3 Rxb5 32. Bc4 Rba5 33. Rad1 Bxc4 34. Qxc4+
Nf7 35. Re6 Qh5 36. Rde1 h6 37. Rxh6 Qb5 38. Nf6+ Bxf6 39. Qg4+ Bg7 40. Rg6 Ng5
41. Be7 Qf5 42. Rxg5 Qxg4 43. Rxg4 Ra1 44. Rxa1 Rxa1+ 45. Kh2 Kf7 46. Bd8 Be5+
47. f4 Ra4 48. Kh3 Rxf4 49. Rxf4+ Bxf4 50. Kg4 Be5 51. c4 Ke6 52. Kf3 Kd7 53.
Bh4 b6 54. Ke4 Ke6 55. Bf2 Bf6 56. g4 Bd8 57. Be3 c6 58. g5 b5 59. c5 Be7 60. g6
Bxc5 1/2-1/2

[Event "57th World Juniors 2018"]
[Site "Manavgat TUR"]
[Date "2018.09.11"]
[Round "7.7"]
[White "Esipenko, Andrey"]
[Black "Thybo, Jesper Sondergaard"]
[Result "1/2-1/2"]
[WhiteTitle "GM"]
[BlackTitle "IM"]
[WhiteElo "2593"]
[BlackElo "2499"]
[WhiteFideId "24175439"]
[BlackFideId "1438832"]
[EventDate "2018.09.05"]

1. d4 Nf6 2. Nf3 e6 3. c4 d5 4. Nc3 Bb4 5. Bg5 h6 6. Bh4 dxc4 7. Qa4+ Nc6 8. e3
Bd7 9. Qc2 b5 10. Be2 a6 11. O-O Be7 12. Bxf6 Bxf6 13. Ne4 O-O 14. b3 cxb3 15.
axb3 Be7 16. Rfc1 Qb8 17. Nc5 Bxc5 18. Qxc5 Qb6 19. Qh5 Ne7 20. Ne5 Be8 21. Qh4
f6 22. Nd3 Bf7 23. Nc5 Rfd8 24. Bf3 Ra7 25. Be4 Bg6 26. Bf3 a5 27. Qg3 Bf7 28.
Be4 Nd5 29. Qf3 Qd6 30. Bd3 c6 31. Ne4 Qd7 32. Qg3 Kf8 33. h4 Ne7 34. Be2 Nd5
35. Rc5 Ne7 36. Qf3 Bg6 37. Nxf6 gxf6 38. Qxf6+ Kg8 39. Bg4 Bf5 40. Qxh6 Qe8 41.
Bf3 Qf8 42. Qf4 Nd5 43. Qe5 Nb4 44. Rc3 Qd6 45. Qf6 Rf8 46. Qh6 Rh7 47. Qg5+ Rg7
48. Qh5 Bg6 49. Qc5 Qd8 50. Qe5 Rxf3 51. gxf3 Bd3+ 52. Kh1 Qxh4+ 53. Qh2 Qf6 54.
Qb8+ Kh7 55. Qh2+ Kg8 56. Qb8+ Kf7 57. Qc7+ Kg8 58. Qb8+ Kh7 59. Qh2+ 1/2-1/2

[Event "57th World Juniors 2018"]
[Site "Manavgat TUR"]
[Date "2018.09.11"]
[Round "7.8"]
[White "Kollars, Dmitrij"]
[Black "Petrosyan, Manuel"]
[Result "1/2-1/2"]
[WhiteTitle "GM"]
[BlackTitle "GM"]
[WhiteElo "2536"]
[BlackElo "2581"]
[WhiteFideId "12909572"]
[BlackFideId "13300857"]
[EventDate "2018.09.05"]

1. e4 c6 2. Nf3 d5 3. Nc3 Bg4 4. h3 Bxf3 5. Qxf3 e6 6. Be2 Nf6 7. O-O Bc5 8. d3
Nbd7 9. Qg3 O-O 10. Bf4 Kh8 11. Bf3 Re8 12. Rad1 Nf8 13. d4 Be7 14. Bg5 dxe4 15.
Bxf6 gxf6 16. Nxe4 Rc8 17. Qf4 Ng6 18. Qe3 b6 19. c4 f5 20. Nc3 Bg5 21. Qe2 Nf4
22. Qc2 Qf6 23. Ne2 Nxe2+ 24. Qxe2 Red8 25. c5 b5 26. Qd3 Qe7 27. b4 a6 28. Qa3
Qb7 29. Rd3 Bf6 30. Rfd1 Rd7 31. Qc1 Qc7 32. a4 Rcd8 33. axb5 axb5 34. Qh6 Bg7
35. Qe3 Bf6 36. g4 Rg8 37. Kh1 fxg4 38. hxg4 Rg6 39. Kg2 Kg7 40. Qe4 h5 41. Qxc6
Rxg4+ 42. Kf1 Qxc6 43. Bxc6 Rdxd4 44. Rxd4 Rxd4 45. Rxd4 Bxd4 46. Bxb5 1/2-1/2

[Event "57th World Juniors 2018"]
[Site "Manavgat TUR"]
[Date "2018.09.11"]
[Round "7.9"]
[White "Liang, Awonder"]
[Black "Santos Ruiz, Miguel"]
[Result "1-0"]
[WhiteTitle "GM"]
[BlackTitle "GM"]
[WhiteElo "2575"]
[BlackElo "2524"]
[WhiteFideId "2056437"]
[BlackFideId "22291482"]
[EventDate "2018.09.05"]

1. e4 c5 2. Nc3 d6 3. d4 cxd4 4. Qxd4 Nc6 5. Qd2 g6 6. b3 Bh6 7. f4 Nf6 8. Bb2
O-O 9. O-O-O a5 10. a4 Nb4 11. Kb1 Be6 12. Nf3 Rc8 13. Ng5 Qb6 14. Nxe6 fxe6 15.
g3 Rc5 16. Bh3 Kf7 17. Rhe1 Rfc8 18. e5 dxe5 19. Qf2 exf4 20. Bxe6+ Qxe6 21.
Rxe6 Kxe6 22. Nb5 Nxc2 23. gxf4 Bg7 24. Rd8 Kf7 25. Rxc8 Rxc8 26. Qb6 Nb4 27.
Nd6+ 1-0

[Event "57th World Juniors 2018"]
[Site "Manavgat TUR"]
[Date "2018.09.11"]
[Round "7.10"]
[White "Christiansen, Johan-Sebastian"]
[Black "Narayanan, S.L."]
[Result "1-0"]
[WhiteTitle "IM"]
[BlackTitle "GM"]
[WhiteElo "2525"]
[BlackElo "2573"]
[WhiteFideId "1512668"]
[BlackFideId "5058422"]
[EventDate "2018.09.05"]

1. e4 e5 2. Nf3 Nc6 3. d4 exd4 4. Nxd4 Nf6 5. Nxc6 bxc6 6. e5 Qe7 7. Qe2 Nd5 8.
c4 Nb6 9. Nc3 a5 10. Bd2 Ba6 11. Qe4 g6 12. Bd3 Bg7 13. O-O O-O 14. Rae1 Rfe8
15. Bf4 Qb4 16. Qe2 Bxc4 17. Bxc4 Nxc4 18. a3 Qb3 19. Bg3 Bxe5 20. Bxe5 Rxe5 21.
Qg4 d5 22. Qd7 Qb7 23. Na4 Rxe1 24. Rxe1 Nb6 25. Nxb6 Qxb6 26. h4 Qxb2 27. Qxc6
Rf8 28. a4 Qb4 29. Rd1 Qxh4 30. Rxd5 Rd8 31. g3 Qe7 32. Kh2 Rxd5 33. Qxd5 Qf6
34. Kg2 Qc3 35. Kh2 c5 36. Kg2 Kg7 37. Qd8 h5 38. Qc7 c4 39. Qc5 Qd3 40. Qxa5 c3
41. Qe5+ Kh7 42. Qc7 Qe4+ 43. Kg1 c2 44. Qxf7+ Kh6 45. Qf8+ Kg5 46. Qc5+ Kg4 47.
a5 Kf3 48. Qa3+ Ke2 49. a6 Qd3 50. Qe7+ Kd2 51. Qg5+ Kc3 52. a7 Qd1+ 53. Kg2
c1=Q 54. Qxc1+ Qxc1 55. a8=Q Qg5 56. Qa3+ Kc4 57. Qa4+ Kc3 58. Qe4 Qf5 59. Qxf5
gxf5 60. Kh3 f4 61. g4 1-0

[Event "57th World Juniors 2018"]
[Site "Manavgat TUR"]
[Date "2018.09.11"]
[Round "7.11"]
[White "Jarmula, Lukasz"]
[Black "Bai, Jinshi"]
[Result "0-1"]
[WhiteTitle "IM"]
[BlackTitle "GM"]
[WhiteElo "2504"]
[BlackElo "2556"]
[WhiteFideId "1160664"]
[BlackFideId "8602280"]
[EventDate "2018.09.05"]

1. d4 d5 2. c4 c6 3. cxd5 cxd5 4. Bf4 Nc6 5. e3 Nf6 6. Nc3 Bf5 7. Nf3 e6 8. Qb3
Bb4 9. Ne5 Bxc3+ 10. bxc3 O-O 11. Be2 Rc8 12. f3 Nh5 13. Nxc6 Rxc6 14. Qxb7 Rxc3
15. Kf2 Nxf4 16. exf4 Qa5 17. Rhd1 Bc2 18. Rdc1 Qa4 19. Kg1 Qxd4+ 20. Kh1 Qxf4
21. Qxa7 d4 22. Bd1 Bf5 23. Rxc3 dxc3 24. Bb3 c2 25. Qg1 Rd8 26. Rc1 h5 27. a4
Qd2 28. a5 Ra8 0-1

[Event "57th World Juniors 2018"]
[Site "Manavgat TUR"]
[Date "2018.09.11"]
[Round "7.12"]
[White "Batsuren, Dambasuren"]
[Black "Aravindh, Chithambaram VR."]
[Result "1/2-1/2"]
[WhiteTitle "IM"]
[BlackTitle "GM"]
[WhiteElo "2446"]
[BlackElo "2578"]
[WhiteFideId "4902920"]
[BlackFideId "5072786"]
[EventDate "2018.09.05"]

1. d4 Nf6 2. c4 g6 3. Nc3 Bg7 4. Nf3 O-O 5. g3 a6 6. Bg2 Nc6 7. O-O d6 8. Bf4
Rb8 9. Rc1 b5 10. cxb5 axb5 11. Ne5 Na7 12. Nd3 c6 13. Nb4 Bb7 14. e4 Nd7 15.
Be3 Qa5 16. a3 Rbd8 17. Qe2 e5 18. d5 c5 19. Nc2 Rc8 20. b4 Qd8 21. bxc5 Nxc5
22. Rb1 f5 23. f3 Qa5 24. Bd2 Na4 25. Nxa4 Qxa4 26. Nb4 Rc5 27. Qd3 Nc8 28. Bh3
Ne7 29. Bg5 Bf6 30. Bxf6 Rxf6 31. Rfc1 Qa7 32. Kh1 Kg7 33. Qe3 Bc8 34. Bg2 f4
35. gxf4 exf4 36. Qg1 Rxc1 37. Qxc1 g5 38. Nc6 Nxc6 39. Qxc6 Bd7 40. Qc3 Kg6 41.
Rc1 Rf8 42. Qb4 Rf6 43. Qc3 h5 44. Rg1 Qb6 45. Re1 g4 46. e5 dxe5 47. Qxe5 Qd6
48. Qe4+ Kh6 49. Qd4 Rf8 50. Re5 Qg6 51. Qb4 Rf7 52. Re1 Qf6 53. Qc5 g3 54. h3
Kg5 55. d6+ Kh4 56. Re5 Qg6 57. Bf1 Rg7 58. Kg1 g2 59. Bd3 Qf7 60. Bxb5 Bxb5 61.
Qxb5 Qf6 62. Qc5 Qg6 63. Qb5 Qf6 64. Qd5 Qg6 65. Rf5 Kxh3 66. Rxh5+ Kg3 67. Qb5
Qf6 68. Re5 Qh4 69. Rh5 Qf6 70. Re5 Qh6 71. Rh5 Qxd6 72. Rg5+ Rxg5 73. Qxg5+
Kxf3 74. Qxg2+ Ke3 75. Qf2+ Ke4 76. Qe2+ Kd5 1/2-1/2

[Event "57th World Juniors 2018"]
[Site "Manavgat TUR"]
[Date "2018.09.11"]
[Round "7.13"]
[White "Muradli, Mahammad"]
[Black "Pichot, Alan"]
[Result "1/2-1/2"]
[WhiteTitle "IM"]
[BlackTitle "GM"]
[WhiteElo "2407"]
[BlackElo "2562"]
[WhiteFideId "13409301"]
[BlackFideId "110973"]
[EventDate "2018.09.05"]

1. d4 Nf6 2. c4 e6 3. Nf3 Bb4+ 4. Bd2 a5 5. a3 Bxd2+ 6. Qxd2 b6 7. Nc3 Bb7 8.
Qf4 O-O 9. e4 d6 10. Bd3 e5 11. Qd2 Re8 12. d5 Nbd7 13. b3 Nh5 14. Bc2 Qf6 15.
Qg5 Qxg5 16. Nxg5 Ba6 17. Kd2 Reb8 18. Bd1 Nhf6 19. f3 b5 20. cxb5 Bxb5 21. Bc2
Ba6 22. Rhb1 Bb7 23. Nb5 Ne8 24. Bd3 c6 25. dxc6 Bxc6 26. Nc3 h6 27. Nh3 Nc7 28.
Nf2 Ra7 29. Ra2 Nc5 30. b4 Na4 31. Nfd1 Nxc3 32. Nxc3 axb4 33. axb4 Rab7 34.
Rab2 Nb5 35. Bxb5 Bxb5 36. Nxb5 1/2-1/2

[Event "57th World Juniors 2018"]
[Site "Manavgat TUR"]
[Date "2018.09.11"]
[Round "7.14"]
[White "Ozen, Bahadir"]
[Black "Lomasov, Semyon"]
[Result "1/2-1/2"]
[WhiteTitle "FM"]
[BlackTitle "IM"]
[WhiteElo "2326"]
[BlackElo "2545"]
[WhiteFideId "6337058"]
[BlackFideId "24164879"]
[EventDate "2018.09.05"]

1. Nf3 Nf6 2. c4 c5 3. g3 d5 4. cxd5 Nxd5 5. Bg2 Nc6 6. d4 cxd4 7. Nxd4 Ndb4 8.
Nxc6 Qxd1+ 9. Kxd1 Nxc6 10. Nc3 Bd7 11. Be3 O-O-O 12. Kc2 g6 13. Rhd1 Bf5+ 14.
Kb3 Be6+ 15. Ka3 Bg7 16. Nb5 Kb8 17. Bf4+ Be5 18. Nd4 Bxf4 19. Nxc6+ bxc6 20.
gxf4 c5 21. Rdc1 c4 22. Rd1 Kc7 23. Kb4 Kb6 24. Bf3 a5+ 25. Kc3 Kc5 26. e3 Rd6
27. Rd4 Rxd4 28. exd4+ Kd6 29. Re1 f6 30. d5 Bf7 31. Rd1 Rb8 1/2-1/2

[Event "57th World Juniors 2018"]
[Site "Manavgat TUR"]
[Date "2018.09.11"]
[Round "7.15"]
[White "Harsha, Bharathakoti"]
[Black "Janik, Igor"]
[Result "1/2-1/2"]
[WhiteTitle "IM"]
[BlackTitle "IM"]
[WhiteElo "2474"]
[BlackElo "2447"]
[WhiteFideId "5078776"]
[BlackFideId "1159259"]
[EventDate "2018.09.05"]

1. d4 d5 2. c4 c6 3. Nc3 Nf6 4. e3 a6 5. Nf3 b5 6. b3 Bg4 7. Be2 e6 8. O-O Bd6
9. h3 Bh5 10. Bb2 O-O 11. Ne5 Bxe2 12. Nxe2 Qc7 13. Rc1 Qb7 14. Qc2 bxc4 15.
bxc4 Nbd7 16. Nf4 Ne4 17. Rb1 Nxe5 18. dxe5 Be7 19. Bd4 Qd7 20. c5 f6 21. Nd3
Bd8 22. Rb2 Ra7 23. Rfb1 f5 24. f3 Ng3 25. Kh2 Bh4 26. Rb8 g5 27. Rxf8+ Kxf8 28.
Rb6 Kg7 29. Nb4 f4 30. Nxc6 Rc7 31. Nb8 Qc8 32. exf4 Nf5 33. Bg1 Bg3+ 34. Kh1
Bxf4 35. Bf2 a5 36. Na6 Rc6 37. Qb2 d4 38. Qb1 Rxb6 39. cxb6 Qxa6 40. b7 Bxe5
41. b8=Q Bxb8 42. Qxb8 Qf1+ 43. Bg1 Qe1 44. g4 Ne7 45. Qd8 Kf7 46. Qxd4 Qf1 47.
Kh2 Qxf3 48. Qa7 Qf4+ 49. Kg2 Qe4+ 50. Kg3 Qe5+ 51. Kf3 Qd5+ 52. Kg3 Qd3+ 53.
Kg2 Qd2+ 54. Kg3 Qd3+ 55. Kg2 Qd5+ 56. Kg3 Kf6 57. Bd4+ e5 58. Be3 h6 59. Qb6+
Nc6 60. h4 gxh4+ 61. Kxh4 Kg6 62. Kg3 h5 63. Qb1+ e4 64. gxh5+ Kxh5 65. Qh1+ Kg6
66. Qh6+ Kf7 67. a4 Ke8 68. Qg6+ Kd7 69. Qg7+ Kc8 1/2-1/2

[Event "57th World Juniors 2018"]
[Site "Manavgat TUR"]
[Date "2018.09.11"]
[Round "7.16"]
[White "Philippe, Guillaume"]
[Black "Barseghyan, Harutyun"]
[Result "1/2-1/2"]
[WhiteTitle "FM"]
[BlackTitle "IM"]
[WhiteElo "2358"]
[BlackElo "2466"]
[WhiteFideId "36048763"]
[BlackFideId "13304585"]
[EventDate "2018.09.05"]

1. e4 c5 2. Nf3 e6 3. d4 cxd4 4. Nxd4 a6 5. Nc3 b5 6. Bd3 Qb6 7. Nb3 Qc7 8. O-O
Bb7 9. Qe2 d6 10. a4 b4 11. Na2 Nf6 12. Bf4 Nc6 13. c3 bxc3 14. Nxc3 Be7 15.
Rfc1 O-O 16. a5 Qd8 17. Be3 Qb8 18. Na4 Ne5 19. Nd2 Nxd3 20. Qxd3 d5 21. exd5
Ng4 22. Nf1 Qe5 23. Nb6 Rad8 24. Ra4 Nxe3 25. Qxe3 Bf6 26. Qxe5 Bxe5 27. dxe6
fxe6 28. Nc4 Bd4 29. Nfe3 Bc6 30. Raa1 Rb8 31. Rc2 Rb4 32. Re1 Rfb8 33. Nb6 Bxb6
34. axb6 R4xb6 35. Rec1 Be4 36. Rc8+ Rxc8 37. Rxc8+ Kf7 38. Nc4 Rb4 39. Nd6+ Ke7
40. Nxe4 Rxe4 41. g3 Rb4 42. Ra8 Rb6 43. Ra7+ Kf6 44. Kg2 h5 45. h4 g6 46. Kf3
Rb3+ 47. Kg2 Rb6 48. Kf3 Ke5 49. Ra8 1/2-1/2

[Event "57th World Juniors 2018"]
[Site "Manavgat TUR"]
[Date "2018.09.11"]
[Round "7.17"]
[White "Haldorsen, Benjamin"]
[Black "Haria, Ravi"]
[Result "1-0"]
[WhiteTitle "FM"]
[BlackTitle "IM"]
[WhiteElo "2461"]
[BlackElo "2442"]
[WhiteFideId "1512633"]
[BlackFideId "415820"]
[EventDate "2018.09.05"]

1. e4 e6 2. d4 d5 3. Nc3 Bb4 4. e5 Ne7 5. a3 Bxc3+ 6. bxc3 c5 7. Qg4 Qc7 8. Qxg7
Rg8 9. Qxh7 cxd4 10. Ne2 Nbc6 11. f4 dxc3 12. h4 b6 13. Nxc3 Nd4 14. Bb2 Qc5 15.
Qd3 Bd7 16. O-O-O Ndf5 17. Rh3 Qf2 18. Ne2 a6 19. Bd4 Nxd4 20. Qxd4 Qxd4 21.
Nxd4 Nc6 22. Nf3 Ke7 23. Ng5 b5 24. Nh7 b4 25. Nf6 Rgc8 26. h5 bxa3 27. Rxa3 Rh8
28. Rxa6 Rxa6 29. Bxa6 Nb4 30. Bd3 Ba4 31. Kd2 1-0

[Event "57th World Juniors 2018"]
[Site "Manavgat TUR"]
[Date "2018.09.11"]
[Round "7.18"]
[White "Lodici, Lorenzo"]
[Black "Zou, Chen"]
[Result "1/2-1/2"]
[WhiteTitle "IM"]
[BlackTitle "FM"]
[WhiteElo "2458"]
[BlackElo "2365"]
[WhiteFideId "884189"]
[BlackFideId "8610959"]
[EventDate "2018.09.05"]

1. d4 d5 2. c4 e6 3. Nc3 Be7 4. cxd5 exd5 5. Bf4 Nf6 6. e3 O-O 7. Bd3 c5 8. Nge2
Nc6 9. O-O cxd4 10. Nxd4 Nxd4 11. exd4 Be6 12. Rc1 Bd6 13. Qd2 Rc8 14. Nb5 Bxf4
15. Qxf4 Qb6 16. b3 a6 17. Nd6 Rxc1 18. Rxc1 Nh5 19. Qh4 g6 20. Nf5 Bxf5 21.
Bxf5 Qa5 22. Bg4 Nf4 23. Qe7 h5 24. Bf3 Ne6 25. Rd1 Qb5 26. h4 Qc6 27. Qf6 Rd8
28. g3 Rd6 29. Kg2 Qc2 30. Qe5 Rd8 31. Qf6 Rd6 32. Qe7 Qc7 33. Qxc7 Nxc7 34. Re1
Kf8 35. Re2 Rc6 36. Kf1 Rc3 37. Bg2 Rc1+ 38. Re1 Rc2 39. Re2 Rc1+ 40. Re1 Rc6
41. Re2 Rc1+ 1/2-1/2

[Event "57th World Juniors 2018"]
[Site "Manavgat TUR"]
[Date "2018.09.11"]
[Round "7.19"]
[White "Gorshtein, Ido"]
[Black "Xu, Xiangyu"]
[Result "1/2-1/2"]
[WhiteTitle "FM"]
[BlackTitle "GM"]
[WhiteElo "2383"]
[BlackElo "2586"]
[WhiteFideId "2815532"]
[BlackFideId "8608288"]
[EventDate "2018.09.05"]

1. e4 e5 2. Nf3 Nc6 3. Bb5 Nge7 4. c3 a6 5. Ba4 g6 6. d4 exd4 7. cxd4 b5 8. Bc2
Bg7 9. O-O O-O 10. Nc3 d6 11. h3 Bb7 12. Re1 Na5 13. b3 c5 14. Be3 Rc8 15. Ne2
Nac6 16. Rc1 Qa5 17. Bb1 cxd4 18. Nexd4 Nxd4 19. Bxd4 Rxc1 20. Qxc1 Bxd4 21.
Nxd4 Rc8 22. Qe3 Qc3 23. Qxc3 Rxc3 24. Rd1 Rc5 25. Ne2 Nc8 26. f3 Kf8 27. Kf2
Ke7 28. Ke3 Nb6 29. Bd3 Nd7 30. Rc1 Rxc1 1/2-1/2

[Event "57th World Juniors 2018"]
[Site "Manavgat TUR"]
[Date "2018.09.11"]
[Round "7.20"]
[White "Nikitenko, Mihail"]
[Black "Repka, Christopher"]
[Result "1/2-1/2"]
[WhiteTitle "IM"]
[BlackTitle "GM"]
[WhiteElo "2368"]
[BlackElo "2523"]
[WhiteFideId "13506862"]
[BlackFideId "14918781"]
[EventDate "2018.09.05"]

1. e4 c6 2. Nf3 d5 3. Nc3 Nf6 4. e5 Ne4 5. Ne2 Qb6 6. d4 e6 7. Nfg1 f6 8. f3 Ng5
9. exf6 gxf6 10. f4 Nf7 11. Ng3 c5 12. Nh5 Be7 13. Nf3 Nc6 14. f5 Nxd4 15. Nxd4
cxd4 16. Ng7+ Kf8 17. Nxe6+ Bxe6 18. fxe6 Bb4+ 19. Bd2 Re8 20. Bxb4+ Qxb4+ 21.
Kf2 Ng5 22. g3 h5 23. a3 Qb6 24. Bd3 h4 25. Re1 Rxe6 26. Qg4 hxg3+ 27. hxg3 Ne4+
28. Bxe4 dxe4 29. Rxe4 Rc6 30. Kf3 Rxc2 31. Qf4 Qb3+ 32. Kg4 Qg8+ 33. Kf3 Qb3+
34. Kg4 Qf7 35. Qd6+ Kg8 36. Kf3 Qb3+ 37. Kg4 Qf7 38. Kf3 Qb3+ 39. Kg4 f5+ 40.
Kg5 Rh5+ 41. Kxh5 1/2-1/2

[Event "57th World Juniors 2018"]
[Site "Manavgat TUR"]
[Date "2018.09.11"]
[Round "7.21"]
[White "Yakubboev, Nodirbek"]
[Black "Macovei, Andrei"]
[Result "1-0"]
[WhiteTitle "IM"]
[BlackTitle "FM"]
[WhiteElo "2521"]
[BlackElo "2385"]
[WhiteFideId "14203987"]
[BlackFideId "13904680"]
[EventDate "2018.09.05"]

1. d4 Nf6 2. c4 e6 3. Nc3 Bb4 4. Qc2 d5 5. cxd5 Qxd5 6. Nf3 Qf5 7. Qb3 Nc6 8.
Bd2 a5 9. a3 a4 10. Qc4 Bxc3 11. Bxc3 O-O 12. e3 Bd7 13. Bd3 Na5 14. Bxf5 Nxc4
15. Bd3 Nd6 16. Ne5 Bb5 17. Bb4 Bxd3 18. Nxd3 Nd5 19. Rc1 Rfc8 20. Ke2 Nxb4 21.
Nxb4 Kf8 22. Rc5 Ke7 23. Rhc1 c6 24. f3 f5 25. Nd3 Rd8 26. h4 Nb5 27. Rg1 g6 28.
g4 Rg8 29. Re5 Nc7 30. Kf2 Kf7 31. h5 Rgd8 32. Rc5 Kf6 33. Ne5 f4 34. g5+ Kg7
35. hxg6 hxg6 36. Rh1 fxe3+ 37. Kxe3 Nd5+ 38. Kd3 Rh8 39. Rxh8 Rxh8 40. Ra5 Rh2
41. Rxa4 Rxb2 42. Ra7 Rb6 43. Kc4 Ne3+ 44. Kc3 Nd5+ 45. Kc2 Ne3+ 46. Kd2 Nf5 47.
Kc3 Rb1 48. a4 Nd6 49. Ra8 Nf7 50. f4 Nxe5 51. fxe5 b5 52. a5 Rc1+ 53. Kb3 Rb1+
54. Kc3 Rc1+ 55. Kb2 Rc4 56. Rc8 Rb4+ 57. Kc3 Rc4+ 58. Kb3 Ra4 59. Rxc6 Rxa5 60.
Rxe6 Ra4 61. Kc3 Ra3+ 62. Kb4 Rg3 63. Re7+ Kf8 64. Rb7 Rxg5 65. Kxb5 Rg1 66. Kc6
g5 67. e6 g4 68. Kd7 Re1 69. Rb8+ 1-0

[Event "57th World Juniors 2018"]
[Site "Manavgat TUR"]
[Date "2018.09.11"]
[Round "7.22"]
[White "Bellahcene, Bilel"]
[Black "Agmanov, Zhandos"]
[Result "1-0"]
[WhiteTitle "GM"]
[BlackTitle "FM"]
[WhiteElo "2501"]
[BlackElo "2379"]
[WhiteFideId "696358"]
[BlackFideId "13708309"]
[EventDate "2018.09.05"]

1. e4 c6 2. d4 d5 3. Nc3 dxe4 4. Nxe4 Bf5 5. Ng3 Bg6 6. Nh3 Nf6 7. Nf4 e5 8.
Nxg6 hxg6 9. dxe5 Qa5+ 10. c3 Qxe5+ 11. Be2 Nbd7 12. Be3 Bc5 13. Bxc5 Nxc5 14.
O-O O-O 15. Qc2 Rad8 16. Rad1 a5 17. h3 a4 18. Bc4 Qf4 19. Rd4 Rxd4 20. cxd4
Nce4 21. Ne2 Qd2 22. Bd3 Qxc2 23. Bxc2 Ra8 24. a3 Nd2 25. Rc1 Nd5 26. Bd1 Re8
27. Rc2 Nb3 28. Kh2 Nb6 29. Rc3 Nd2 30. Rc2 Nbc4 31. Nc3 Rd8 32. Nxa4 Rxd4 33.
Be2 b5 34. Nc5 Rd5 35. Nd3 Rd6 36. Nc1 Nb6 37. g3 Ndc4 38. Kg2 Kf8 39. a4 Ke7
40. b3 Na3 41. Ra2 b4 42. Nd3 Nd5 43. Rb2 Rd8 44. Ne5 Rc8 45. Bf3 Ke6 46. Nxg6
Kd6 47. Nf4 Nxf4+ 48. gxf4 c5 49. Rd2+ Kc7 50. a5 c4 51. bxc4 Nxc4 52. Rd5 Na3
53. a6 Ra8 54. Rd4 Rxa6 55. Rxb4 Rb6 56. Re4 Kd8 57. Be2 Nc2 58. Bd1 Nb4 59. Bb3
f5 60. Re3 Nc6 61. Kg3 Rb4 62. Bf7 Nd4 63. Kh4 Rb7 64. Bg6 Re7 65. Rd3 Rd7 66.
Ra3 Ke7 67. Kg5 Rc7 68. Re3+ Ne6+ 69. Kxf5 Rc5+ 70. Re5 Kd6 71. Bf7 Nd4+ 72. Ke4
Nc6 73. Re6+ Kd7 74. Rg6 Ne7 75. Rxg7 Nf5 76. Rh7 Nd6+ 77. Kd4 Ra5 78. Bd5+ Ke8
79. h4 Nf5+ 80. Ke4 Ne7 81. Be6 1-0

[Event "57th World Juniors 2018"]
[Site "Manavgat TUR"]
[Date "2018.09.11"]
[Round "7.23"]
[White "Priasmoro, Novendra"]
[Black "Percivaldi, Martin"]
[Result "0-1"]
[WhiteTitle "FM"]
[BlackTitle "IM"]
[WhiteElo "2498"]
[BlackElo "2376"]
[WhiteFideId "7105029"]
[BlackFideId "1508148"]
[EventDate "2018.09.05"]

1. Nf3 d5 2. g3 Nc6 3. d4 Bf5 4. Bg2 Nb4 5. Na3 e6 6. O-O h6 7. c3 Nc6 8. Nc2
Be4 9. Nce1 Nf6 10. Nd3 Be7 11. b4 O-O 12. Bh3 Bh7 13. a4 a5 14. b5 Nb8 15. Nde5
c5 16. bxc6 Nxc6 17. Qb3 Ne4 18. Be3 Rc8 19. Rfc1 Nxe5 20. Nxe5 Bf6 21. Nd3 Nd6
22. Bf4 Bg5 23. Bxd6 Qxd6 24. f4 Bf6 25. Ne5 Bxe5 26. fxe5 Qe7 27. Rf1 Rc6 28.
Qb2 Rfc8 29. Ra3 Qc7 30. Rb3 b6 31. Rc1 Rc4 32. Rxb6 Rxa4 33. Bf1 Rc4 34. e3 Rc6
35. Rb7 Qd8 36. h4 Be4 37. Ra7 Qb6 38. Qxb6 Rxb6 39. Rxa5 Rb2 40. c4 dxc4 41.
Rxc4 Rxc4 42. Bxc4 Rg2+ 43. Kf1 Rxg3 44. Be2 Rxe3 45. Kf2 Rc3 46. h5 g5 47. Rc5
Ra3 48. Rc8+ Kg7 49. Bg4 Bd5 50. Be2 Rh3 51. Rb8 Rh4 52. Rb4 Rf4+ 53. Kg3 Be4
54. Rc4 Bf5 55. d5 Rxc4 56. Bxc4 exd5 57. Bxd5 Bc2 58. Bf3 Kf8 59. Bg4 Ke7 60.
Kf2 Bb3 61. Ke3 Be6 62. Be2 Bh3 63. Ke4 Bd7 64. Ke3 Bc6 65. Bg4 Bd5 66. Be2 Ke6
67. Kd4 Bb7 68. Bg4+ f5 69. exf6+ Kxf6 70. Ke3 Ke5 71. Bh3 Bd5 72. Bg4 Be6 73.
Be2 Kf5 74. Bd3+ Kg4 75. Bg6 Kh4 76. Kf2 Bg4 77. Kg2 Bxh5 78. Be4 Be8 79. Bf3 h5
80. Kh2 g4 81. Bg2 Kg5 82. Bh1 Kf4 83. Bg2 h4 84. Bb7 Bd7 85. Bd5 Bf5 86. Bc6
g3+ 87. Kg1 h3 88. Bh1 Be4 89. Bg2 Bf5 90. Bf1 Bc8 0-1